000
00375nam a2200181Ia 4500
003
IT-RoPAU
008
120407s9999 xx 000 0 und d
040
_a
IT-RoPAU
040
_c
IT-RoPAU
100
_a
Jaroslav Pelikan
245
_a
Gesù nella storia
260
_a
Laterza
300
_c
cm
490
_v
1
600
_a
altra edizione
942
_c
BK
999
_c
7434
_d
7434